International intellectual property law
This three-volume reference work provides an up-to-date analysis of the latest developments in the field. The first volume covers all of the major European countries, while the second examines the international property laws of major non-European countries. Both concentrate on intellectual property...
שמור ב:
| פורמט: | ספר |
|---|---|
| שפה: | Undetermined |
| יצא לאור: |
Chichester
John Wiley
1995
|
| נושאים: | |
| תגים: |
הוספת תג
אין תגיות, היה/י הראשונ/ה לתייג את הרשומה!
|
| Thư viện lưu trữ: | Trung tâm Học liệu Trường Đại học Cần Thơ |
|---|
| LEADER | 01185nam a2200181Ia 4500 | ||
|---|---|---|---|
| 001 | CTU_27134 | ||
| 008 | 210402s9999 xx 000 0 und d | ||
| 082 | |a 341.758 | ||
| 082 | |b I.61 | ||
| 245 | 0 | |a International intellectual property law | |
| 245 | 0 | |c General editor, Dennis Campbell ; editor, Susan Cotter | |
| 260 | |a Chichester | ||
| 260 | |b John Wiley | ||
| 260 | |c 1995 | ||
| 520 | |a This three-volume reference work provides an up-to-date analysis of the latest developments in the field. The first volume covers all of the major European countries, while the second examines the international property laws of major non-European countries. Both concentrate on intellectual property issues relating to trademarks, copyright, industrial design, patents, confidential information, and trade secrets. The third book surveys current global developments in intellectual property including forum shopping, unfair competition, Hag II, Mercosur, and the creation of trademark and patent law in diverse industry sectors | ||
| 650 | |a Possession law,Property ( international law ) | ||
| 904 | |i Minh, 981201 (Nguyên sửa) | ||
| 980 | |a Trung tâm Học liệu Trường Đại học Cần Thơ | ||